Jesuítas de los siglos XVI y XVII (Record no. 144015)

MARC details
000 -LEADER
campo de control de longitud fija 00913nam a2200229 i 4500
001 - NÚMERO DE CONTROL
campo de control 144015
003 - IDENTIFICADOR DE NÚMERO DE CONTROL
campo de control ES-MaACL
005 - FECHA Y HORA DE LA ÚLTIMA TRANSACCIÓN
campo de control 20230906200927.0
007 - CAMPO FIJO DE DESCRIPCIÓN FÍSICA--INFORMACIÓN GENERAL
campo de control de longitud fija t|
008 - DATOS DE LONGITUD FIJA--INFORMACIÓN GENERAL
campo de control de longitud fija 070214s1975 sp r ||||1| spa d
100 1# - ENTRADA PRINCIPAL--NOMBRE DE PERSONA
Nombre de persona Simón Díaz, José.
9 (RLIN) 106544
245 10 - MENCIÓN DEL TÍTULO
Título Jesuítas de los siglos XVI y XVII
Resto del título : escritos localizados /
Mención de responsabilidad, etc. José Simón Díaz.
260 ## - PUBLICACIÓN, DISTRIBUCIÓN, ETC.
Lugar de publicación, distribución, etc. Madrid :
Nombre del editor, distribuidor, etc. Fundación Universitaria Española [etc.],
Fecha de publicación, distribución, etc. 1975 (
Fabricante Romero Requejo)
300 ## - DESCRIPCIÓN FÍSICA
Extensión 499 p. ;
Dimensiones 19 cm.
490 1# - MENCIÓN DE SERIE
Mención de serie Colección "Espitituales Españoles". Serie C. Monografías ;
Designación de volumen o secuencia 2
610 24 - PUNTO DE ACCESO ADICIONAL DE MATERIA--NOMBRE DE ENTIDAD CORPORATIVA
Nombre de entidad corporativa o nombre de jurisdicción como elemento de entrada Jesuitas-
Subdivisión geográfica España-
Subdivisión cronológica S.XVII-
Subdivisión de forma Bibliografías.
9 (RLIN) 156214
610 24 - PUNTO DE ACCESO ADICIONAL DE MATERIA--NOMBRE DE ENTIDAD CORPORATIVA
Nombre de entidad corporativa o nombre de jurisdicción como elemento de entrada Jesuitas-
Subdivisión geográfica España-
Subdivisión cronológica S.XVIII-
Subdivisión de forma Bibliografías.
9 (RLIN) 156215
710 2# - ENTRADA AGREGADA--NOMBRE DE ENTIDAD CORPORATIVA
Nombre de entidad corporativa o nombre de jurisdicción como elemento de entrada Fundación Universitaria Española.
9 (RLIN) 4426
830 0# - PUNTO DE ACCESO ADICIONAL DE SERIE-TÍTULO UNIFORME
Título uniforme Colección "Espitituales Españoles". Serie C. Monografías ;
Designación de volumen o secuencia 2
9 (RLIN) 220626
852 ## - LOCALIZACIÓN
Ubicación ES-MaACL
Número de control de estantería L-7907
Sublocalización o colección R.108406
Holdings
Estatus retirado Estado de pérdida Estado de daño No para préstamo Biblioteca de origen Biblioteca actual Ubicación en estantería Fecha de adquisición Fuente de adquisición Total de préstamos Signatura topográfica completa Código de barras Visto por última vez Precio de reemplazo Tipo de ítem Koha
        Biblioteca del Ateneo de Madrid Biblioteca del Ateneo de Madrid Depósito 2 17/01/2008     L-7907 1149838 23/02/2023 23/02/2023 Libro impreso